Malaysia convention & exhibition directory 2013/ 2014.

Bibliographic Details
Format: Book
Published: Shah Alam: Marshall Cavendish, 2013.
Subjects:
LEADER 00513cam a2200157 7i4500
001 0000031086
005 20140305090000.0
022 0 0 |a 1675302X 
090 0 0 |a SR 381.1025   |b MAL 
245 0 0 |a Malaysia convention & exhibition directory 2013/ 2014. 
260 0 0 |a Shah Alam:   |b Marshall Cavendish,   |c 2013. 
300 # # |a 392 p. 
650 0 0 |a Exhibitions --   |x Directories --   |z Malaysia  
650 0 0 |a Conventions --   |x Directories --   |z Malaysia  
651 0 0 |a Malaysia  
999 |a 0000034073  |b Directories  |c Services  |e Business Information Centre